Les 2 seuls pays - Statistiques

Statistiques générales
  • Ce quiz a été pris 343 fois
  • Le résultat moyen est 25 sur 48
Statistiques - réponses
Les 2 seuls pays Réponse % Correct
dont la population supérieure à 1 milliard Chine
93%
dont la population supérieure à 1 milliard Inde
93%
qui ont une majorité d'hindou Inde
93%
où il n'y a pas besoin de permis pour posséder un fusils semi automatique Etats-unis
90%
qui représentent plus de 50% de la population de leur continent Etats unis
90%
qui sont limotrophes de la Suède Finlande
85%
qui sont limotrophes de la Suède Norvege
85%
complètement encerclé par l'Italie Vatican
85%
qui commencent par Z Zambie
85%
qui commencent par Z Zimbabwe
85%
où on ne peut pas acheter de Coca Cola Corée du nord
84%
du nord Corée du nord
84%
en Amérique du sud qui ne bordent pas le Brésil Chili
83%
complètement encerclé par l'Italie Saint marin
80%
où il y a plus de véhicules motorisés que d'habitants Saint Marin
80%
qui contiennent le mot "nouvelle" Nouvelle zelande
75%
en Amérique du sud qui ne bordent pas le Brésil Equateur
72%
qui s'échangent un territoire tous les 6 mois France
72%
qui représentent plus de 50% de la population de leur continent Australie
67%
qui s'échangent un territoire tous les 6 mois Espagne
67%
qui contiennent le mot "nouvelle" Papouasie nouvelle guinee
66%
qui n'ont pas été en guerre depuis 200 ans Suisse
63%
qui ont une majorité d'hindou Nepal
61%
du nord Macédoine du nord
52%
doublement enclavé Liechtenstein
46%
où on ne peut pas acheter de Coca Cola Cuba
43%
qui ont les contours du pays sur leur drapeau Chypre
42%
où il n'y a pas de jours férié pour fêter leur indépendance Danemark
41%
qui se trouvent sur une masse continentale mais dont la capitale est sur une ile Danemark
41%
qui ont les contours du pays sur leur drapeau Kosovo
39%
où il y a plus de véhicules motorisés que d'habitants Andorre
38%
qui partagent Hispania Haiti
37%
qui partagent Hispania République dominicaine
36%
où il n'y a pas de jours férié pour fêter leur indépendance Royaume uni
36%
qui n'ont pas été en guerre depuis 200 ans Suède
34%
qui ont un bilan carbone négatif Bhoutan
30%
doublement enclavé Ouzbekistan
25%
qui ont 3 lettre consécutives dans l'ordre alphabétique dans leur nom Afghanistan
24%
qui se trouvent sur une masse continentale mais dont la capitale est sur une ile Guinée équatoriale
18%
qui ont du violet sur leur drapeau Dominique
16%
qui ont 3 lettre consécutives dans l'ordre alphabétique dans leur nom Tuvalu
15%
qui ont un bilan carbone négatif Suriname
12%
qui ont un léopard comme animal national Rwanda
11%
où il n'y a pas besoin de permis pour posséder un fusils semi automatique Yemen
11%
qui ont "le", "la" ou "les" au début de leur nom officiel Bahamas
10%
qui ont du violet sur leur drapeau Nicaragua
9%
qui ont un léopard comme animal national Somalie
8%
qui ont "le", "la" ou "les" au début de leur nom officiel Gambie
7%
Aucun quiz correspondant
Distribution des résultats
% des personnes avec chaque résultat
Percentile par nombre de réponses
Votre historique - résultats
Vous n’avez pas pris ce quiz